000 00674nam a2200205Ia 4500
005 20260121110045.0
008 008 260114s9999 xx 000 0 hin d
020 _a9788132359623
037 _aEBOOK
040 _aCRL
_bhin
_cCRL
041 _ahin
_2hin
084 _qCRL
100 _aजमील खान / Jameel Khan
_9941514
245 0 _aनैनो विज्ञान एवं प्रौद्योगिकी / Nano Vigyan aur Prodyogiki
260 _bभाषा प्रकाशन / Bhasha Prakashan
_c2021
856 _uhttps://bhashaprakashan.com/product-details/382558
942 _cEBOOK
999 _c1533179
_d1533179